Les réformes agraires (Record no. 177286)

MARC details
000 -LEADER
campo de control de longitud fija 00863nam a2200253 i 4500
001 - NÚMERO DE CONTROL
campo de control 177286
003 - IDENTIFICADOR DE NÚMERO DE CONTROL
campo de control ES-MaACL
005 - FECHA Y HORA DE LA ÚLTIMA TRANSACCIÓN
campo de control 20250831115923.0
007 - CAMPO FIJO DE DESCRIPCIÓN FÍSICA--INFORMACIÓN GENERAL
campo de control de longitud fija t|
008 - DATOS DE LONGITUD FIJA--INFORMACIÓN GENERAL
campo de control de longitud fija 110314s1974 fr abdf ||||1| fre d
080 ## - NÚMERO DE LA CLASIFICACIÓN DECIMAL UNIVERSAL
Número de la Clasificación Decimal Universal 338.439.02
100 1# - ENTRADA PRINCIPAL--NOMBRE DE PERSONA
Nombre de persona Le Coz, Jean.
9 (RLIN) 145623
245 14 - MENCIÓN DEL TÍTULO
Título Les réformes agraires
Resto del título : de Zapata à Mao Tsé-toung et la FAO /
Mención de responsabilidad, etc. par Jean Le Coz.
250 ## - MENCION DE EDICION
Mención de edición [1re éd.].
260 ## - PUBLICACIÓN, DISTRIBUCIÓN, ETC.
Lugar de publicación, distribución, etc. Paris :
Nombre del editor, distribuidor, etc. Presses Universitaires de France,
Fecha de publicación, distribución, etc. 1974.
300 ## - DESCRIPCIÓN FÍSICA
Extensión 308, [8] p. de lám. bl. y n. :
Otras características físicas il. bl. y n. ;
Dimensiones 19 cm.
490 1# - MENCIÓN DE SERIE
Mención de serie Magellan. La Géographie et ses problèmes ;
Designación de volumen o secuencia 33
500 ## - NOTA GENERAL
Nota general Índices.
504 ## - NOTA DE BIBLIOGRAFÍA, ETC.
Nota de bibliografía, etc. Bibliografía: p. 299-304.
650 #7 - PUNTO DE ACCESO ADICIONAL DE MATERIA--TÉRMINO DE MATERIA
Término de materia o nombre geográfico como elemento de entrada Reforma agraria
Fuente del encabezamiento o término embne
9 (RLIN) 16718
830 0# - PUNTO DE ACCESO ADICIONAL DE SERIE-TÍTULO UNIFORME
Título uniforme Magellan. La Géographie et ses problèmes ;
Designación de volumen o secuencia 33
9 (RLIN) 182333
852 ## - LOCALIZACIÓN
Ubicación ES-MaACL
Número de control de estantería E-14685
Encuadernación Olim P-507
Holdings
Estatus retirado Estado de pérdida Estado de daño No para préstamo Biblioteca de origen Biblioteca actual Ubicación en estantería Fecha de adquisición Fuente de adquisición Total de préstamos Signatura topográfica completa Código de barras Visto por última vez Precio de reemplazo Tipo de ítem Koha
        Biblioteca del Ateneo de Madrid Biblioteca del Ateneo de Madrid Depósito 2 14/03/2011     E-14685 1186203 23/02/2023 23/02/2023 Libro impreso